Back To December lyrics - Statistics

General Stats
  • This quiz has been taken 188 times
  • The average score is 375 of 424
Answer Stats
Lyrics % Correct
go
100%
I
100%
to
100%
a
99%
back
99%
so
99%
So
99%
you
99%
You
99%
me
98%
me,
98%
the
98%
time
98%
time,
98%
your
98%
December
96%
December,
96%
I'm
96%
in
96%
all
95%
for
95%
good,
95%
good
95%
night
95%
night,
95%
and
94%
And
94%
is
94%
It
94%
it
94%
it,
94%
miss
94%
sorry
94%
this
94%
We
94%
we
94%
mind
93%
my
93%
that
93%
saw
92%
see
92%
but
90%
But
90%
love
90%
Then
90%
then
90%
front
89%
how
89%
of
89%
Standin'
89%
were
89%
ever
88%
swallowin'
88%
them
88%
turn
88%
missin'
87%
nothin'
87%
pride
87%
sayin'
87%
when
87%
When
87%
gave
86%
pride
86%
smile
86%
glad
84%
had
84%
I'd
84%
mine
84%
out
84%
right
84%
what
84%
alright
83%
change
83%
family?
83%
haven't
83%
life?
83%
make
83%
there
83%
turns
83%
How's
82%
how's
82%
realized
82%
while
82%
been
81%
die
81%
know
81%
last
81%
left
81%
made
81%
seen
81%
Tell
81%
Wishin'
81%
arms
80%
around
80%
can't
80%
cry
80%
goodbye
80%
roses
80%
sweet
80%
think
80%
why
80%
first
78%
was
78%
didn't
77%
tan
77%
busier
76%
freedom
76%
held
76%
loved
76%
September
76%
skin,
76%
talk,
76%
than
76%
up
76%
You've
76%
Because
75%
call
75%
own
75%
small
75%
if
73%
Maybe
73%
on
73%
You're
73%
guard
72%
still
72%
understand
72%
ain't
71%
birthday
71%
door,
71%
weather
71%
wishful
71%
again,
70%
about
67%
days
67%
fall
67%
passed
67%
thinkin'
67%
sleepin'
66%
swear
66%
burned
65%
came,
65%
dreamin'
65%
mindless
65%
chain
64%
dark
64%
work
64%
cold
63%
from
63%
Probably
63%
side
63%
times
63%
beautiful
61%
These
60%
summer,
59%
laughin'
58%
watched
58%
Stayin'
55%
passenger's
53%
into
52%
crept
51%
fear
48%
myself
47%
playin'
43%
leavin'
41%
No matching quizzes found
Score Distribution
Percent of People with Each Score
Percentile by Number Answered
Your Score History
You have not taken this quiz